[Event "Mercredi 2019.01.09 ABCD"]
[Site "Montreal CAN"]
[Date "2019.02.06"]
[Round "5"]
[White "Gates, Claude-Eric"]
[Black "Baran, Marius"]
[Result "1/2-1/2"]
[WhiteElo "1819"]
[BlackElo "1766"]
[PlyCount "45"]
[EventDate "2019.01.09"]
[EventType "tourn"]
[EventRounds "5"]
[EventCountry "CAN"]

1. d4 d5 2. c4 e6 3. Nc3 Nf6 4. Bg5 Nbd7 5. cxd5 exd5 6. e3 Be7 7. Bd3 h6 8.
Bh4 O-O 9. Nge2 c6 10. Qc2 Re8 11. O-O Nh5 12. Bxe7 Qxe7 13. Rad1 Nf8 14. Rfe1
Bg4 15. Rd2 Bxe2 16. Nxe2 Ne6 17. Rdd1 Ng5 18. Nf4 Nxf4 19. exf4 Qxe1+ 20. Rxe1
Rxe1+ 21. Bf1 Ne4 22. g3 Re8 23. Kg2 1/2-1/2

[Event "Mercredi 2019.01.09 ABCD"]
[Site "Montreal CAN"]
[Date "2019.02.06"]
[Round "5"]
[White "Guipi Bopala, Prince Eric jr"]
[Black "Beaulieu, Pierre"]
[Result "1/2-1/2"]
[WhiteElo "1806"]
[BlackElo "1877"]
[PlyCount "101"]
[EventDate "2019.01.09"]
[EventType "tourn"]
[EventRounds "5"]
[EventCountry "CAN"]

1. d4 d5 2. Bf4 e6 3. e3 Nf6 4. Bd3 Bd6 5. Bg3 h5 6. Nf3 Nc6 7. Nbd2 Ng4 8.
Bxd6 cxd6 9. h3 Nf6 10. c3 Rb8 11. a4 Bd7 12. O-O Kf8 13. Re1 e5 14. dxe5 Nxe5
15. Nxe5 dxe5 16. e4 Bc6 17. exd5 Qxd5 18. Bf1 g5 19. Nc4 e4 20. Qxd5 Bxd5 21.
Ne3 Be6 22. Bc4 Bxc4 23. Nxc4 Rd8 24. Rad1 Kg7 25. Rd6 Rhe8 26. Red1 Rc8 27.
Ne3 Rc5 28. Nd5 Nxd5 29. R1xd5 Rxd5 30. Rxd5 Kf6 31. h4 gxh4 32. Rxh5 Kg6 33.
Rxh4 Kg5 34. Rh3 Rd8 35. Kf1 Rd2 36. b4 Ra2 37. a5 Rc2 38. Re3 Kf5 39. f3 exf3
40. Rxf3+ Ke6 41. g3 f5 42. Ke1 Ke5 43. Kd1 Rg2 44. Re3+ Kd6 45. Ke1 b5 46.
Rd3+ Ke6 47. Re3+ Kd5 48. Rf3 Ke4 49. Rf4+ Ke5 50. Rf3 Ke4 51. Rf4+ 1/2-1/2

[Event "Mercredi 2019.01.09 ABCD"]
[Site "Montreal CAN"]
[Date "2019.02.06"]
[Round "5"]
[White "Jacquet, Stephane"]
[Black "Boucher, Antoni"]
[Result "0-1"]
[WhiteElo "1956"]
[BlackElo "1937"]
[PlyCount "74"]
[EventDate "2019.01.09"]
[EventType "tourn"]
[EventRounds "5"]
[EventCountry "CAN"]

1. d4 d5 2. c4 Nc6 3. Nf3 Bg4 4. e3 e6 5. Nc3 Bb4 6. a3 Bxc3+ 7. bxc3 Nf6 8. h3
Bh5 9. c5 O-O 10. Rb1 e5 11. g4 Bg6 12. Rxb7 Na5 13. Rb5 c6 14. Rb4 Nd7 15.
Nxe5 Nxe5 16. dxe5 Qe7 17. Qd4 Be4 18. Rg1 Nb7 19. Rg3 Nxc5 20. f3 Nd3+ 21.
Bxd3 c5 22. fxe4 cxd4 23. exd4 dxe4 24. Bxe4 Rab8 25. Ke2 Rxb4 26. axb4 Qe6 27.
Bd2 Qa2 28. Re3 a5 29. bxa5 Qxa5 30. d5 Qb5+ 31. Rd3 Re8 32. Bf4 Qb2+ 33. Kf3
g5 34. Bxg5 Qh2 35. Bf4 Qxh3+ 36. Bg3 Rxe5 37. d6 Qh1+ 0-1

[Event "Mercredi 2019.01.09 ABCD"]
[Site "Montreal CAN"]
[Date "2019.02.06"]
[Round "5"]
[White "Nardone, Raul"]
[Black "Gauthier, Luc"]
[Result "1-0"]
[WhiteElo "1729"]
[BlackElo "1670"]
[PlyCount "61"]
[EventDate "2019.01.09"]
[EventType "tourn"]
[EventRounds "5"]
[EventCountry "CAN"]

1. e4 Nf6 2. Nc3 e5 3. Nf3 Bb4 4. Bc4 O-O 5. O-O d6 6. d3 c6 7. Bg5 h6 8. Bh4
Bg4 9. h3 Bh5 10. g4 Bg6 11. Bb3 Nbd7 12. Bg3 Nc5 13. Nh4 Nxb3 14. axb3 Re8 15.
Nf5 Bxf5 16. gxf5 d5 17. Qe2 d4 18. Nb1 Nd7 19. Kh2 b5 20. Nd2 Bxd2 21. Qxd2 h5
22. f3 a5 23. Rg1 Kh7 24. Be1 b4 25. Rg5 Nf6 26. Bh4 Qd6 27. Rag1 Rg8 28. Qg2
Qf8 29. f4 exf4 30. Qf3 Qd6 31. e5 1-0

[Event "Mercredi 2019.01.09 ABCD"]
[Site "Montreal CAN"]
[Date "2019.02.06"]
[Round "5"]
[White "Nesterov, Timour"]
[Black "Abdelaal, Ibrahim"]
[Result "0-1"]
[WhiteElo "1944"]
[BlackElo "2022"]
[PlyCount "102"]
[EventDate "2019.01.09"]
[EventType "tourn"]
[EventRounds "5"]
[EventCountry "CAN"]

1. d4 Nf6 2. Nf3 b5 3. Bf4 Bb7 4. e3 a6 5. Bd3 e6 6. Nbd2 Be7 7. h3 Nd5 8. Bg3
Nb4 9. Be2 c5 10. c3 Nd5 11. e4 Nf6 12. Bd3 cxd4 13. cxd4 Nc6 14. O-O Rc8 15.
Rc1 O-O 16. Bb1 Qb6 17. Nb3 d5 18. exd5 Nxd5 19. Qd3 g6 20. Ne5 Nxe5 21. dxe5
Rxc1 22. Rxc1 Rc8 23. Rxc8+ Bxc8 24. Nd2 Nb4 25. Qb3 Bb7 26. a3 Qd4 27. Nf3
Bxf3 28. gxf3 Nd5 29. Be4 h5 30. Qc2 h4 31. Bh2 Kg7 32. Qd3 Qxb2 33. Bxd5 exd5
34. Qxd5 Qc1+ 35. Kg2 Qg5+ 36. Kf1 Bxa3 37. Qd4 Qc1+ 38. Kg2 Bb2 39. Qxh4 Qc6
40. Bf4 Qe6 41. Bh6+ Kg8 42. f4 Qd5+ 43. Kg3 Ba3 44. Qf6 Bf8 45. Bxf8 Kxf8 46.
Qxa6 b4 47. Qc8+ Kg7 48. f3 b3 49. Qc3 Kh7 50. Kf2 Qd1 51. Qc7 Qc2+ 0-1

[Event "Mercredi 2019.01.09 ABCD"]
[Site "Montreal CAN"]
[Date "2019.02.06"]
[Round "5"]
[White "O'Connor, Michael"]
[Black "Barko, Maxim"]
[Result "1/2-1/2"]
[WhiteElo "1768"]
[BlackElo "1880"]
[PlyCount "58"]
[EventDate "2019.01.09"]
[EventType "tourn"]
[EventRounds "5"]
[EventCountry "CAN"]

1. d4 e6 2. Nf3 d5 3. c4 c6 4. Nc3 Bd6 5. e4 dxe4 6. Nxe4 Bb4+ 7. Nc3 Nf6 8.
Bd3 O-O 9. O-O c5 10. dxc5 Bxc3 11. bxc3 Qc7 12. Bg5 Nbd7 13. Re1 h6 14. Bh4
Qxc5 15. Qe2 b6 16. Ne5 Nxe5 17. Qxe5 Qxe5 18. Rxe5 Nd7 19. Re3 Ba6 20. Rb1
Rac8 21. Rb4 Nc5 22. Be2 g5 23. Bg3 Rfd8 24. h4 Rd2 25. hxg5 hxg5 26. Be5 Nd7
27. Ra4 Nc5 28. Rb4 Nd7 29. Ra4 Nc5 1/2-1/2

[Event "Mercredi 2019.01.09 ABCD"]
[Site "Montreal CAN"]
[Date "2019.02.06"]
[Round "5"]
[White "O'Neill, Brendon"]
[Black "Jean, Robert"]
[Result "0-1"]
[WhiteElo "1716"]
[BlackElo "1735"]
[PlyCount "100"]
[EventDate "2019.01.09"]
[EventType "tourn"]
[EventRounds "5"]
[EventCountry "CAN"]

1. e4 c5 2. Nf3 Nc6 3. c3 Nf6 4. Bd3 e5 5. O-O Be7 6. Bc2 O-O 7. d4 d6 8. h3
Qc7 9. b3 b5 10. Bb2 a5 11. dxc5 dxc5 12. Qe2 b4 13. Rc1 Qb8 14. Nbd2 bxc3 15.
Bxc3 Nd4 16. Qe3 Be6 17. Bxd4 cxd4 18. Qd3 Nh5 19. Nc4 Nf4 20. Qd1 f6 21. Bd3
Bb4 22. Ne1 Rd8 23. Qc2 Bc3 24. Rab1 Ra7 25. Kh2 Qc7 26. Bf1 Bxe1 27. Rxe1 d3
28. Qd2 Bxc4 29. bxc4 Qxc4 30. g3 Ne6 31. Rbc1 Qb4 32. Qe3 Rad7 33. Red1 Qd4
34. Rxd3 Qxe3 35. Rxe3 Kf8 36. Rc6 Rd6 37. Rxd6 Rxd6 38. Ra3 Nc5 39. f3 a4 40.
g4 g5 41. h4 h6 42. hxg5 hxg5 43. Bc4 Ke7 44. Bd5 Rb6 45. Rc3 Na6 46. Rc2 Nb4
47. Rd2 a3 48. Bb3 Kf8 49. Rd8+ Ke7 50. Rd2 Nc6 0-1

[Event "Mercredi 2019.01.09 ABCD"]
[Site "Montreal CAN"]
[Date "2019.02.06"]
[Round "5"]
[White "Ostaci, Liviu"]
[Black "Alcantara, Maximo jr"]
[Result "1-0"]
[WhiteElo "1713"]
[BlackElo "1766"]
[PlyCount "53"]
[EventDate "2019.01.09"]
[EventType "tourn"]
[EventRounds "5"]
[EventCountry "CAN"]

1. e4 c6 2. d4 d5 3. e5 Bf5 4. g4 Bd7 5. c4 e6 6. Nc3 a6 7. Be3 Ne7 8. c5 Ng6
9. Bd3 b6 10. b4 Be7 11. Na4 b5 12. Nb6 Ra7 13. a4 Qc7 14. Nf3 Bd8 15. a5 Nh4
16. Nxh4 Bxh4 17. g5 h6 18. Qh5 Bxf2+ 19. Kxf2 Qd8 20. g6 f5 21. exf6 Qxf6+ 22.
Ke2 O-O 23. Raf1 Qe7 24. Rxf8+ Qxf8 25. Rf1 Qd8 26. Rf7 Rc7 27. Qe5 1-0

[Event "Mercredi 2019.01.09 ABCD"]
[Site "Montreal CAN"]
[Date "2019.02.06"]
[Round "5"]
[White "Tremblay, Alain"]
[Black "Pomerantz, Daniel"]
[Result "1/2-1/2"]
[WhiteElo "2057"]
[BlackElo "2121"]
[PlyCount "73"]
[EventDate "2019.01.09"]
[EventType "tourn"]
[EventRounds "5"]
[EventCountry "CAN"]

1. e4 c5 2. Nf3 e6 3. d3 d5 4. Nbd2 Nc6 5. g3 Bd6 6. Bg2 Nge7 7. O-O O-O 8. Re1
Qc7 9. exd5 exd5 10. Nb3 Bd7 11. c3 Rae8 12. Be3 b6 13. Nh4 Ne5 14. Bf4 N7g6
15. Nxg6 Nxg6 16. Bxd6 Rxe1+ 17. Qxe1 Qxd6 18. Qd2 Re8 19. Re1 a5 20. d4 c4 21.
Rxe8+ Bxe8 22. Qe3 Qe7 23. Nd2 Qxe3 24. fxe3 Ne7 25. e4 dxe4 26. Bxe4 f5 27.
Bb7 b5 28. Kf2 Kf7 29. Nf3 h6 30. Ke3 Ke6 31. h4 Kd6 32. Ne5 g5 33. hxg5 hxg5
34. a4 Kc7 35. Bf3 Kb6 36. Kd2 Ng6 37. axb5 1/2-1/2

[Event "Mercredi 2019.02.20 ABCD"]
[Site "Montreal CAN"]
[Date "2019.02.20"]
[Round "1"]
[White "Abdelaal, Ibrahim"]
[Black "Feoktistov, Dmitri"]
[Result "0-1"]
[WhiteElo "2099"]
[BlackElo "2129"]
[PlyCount "56"]
[EventDate "2019.02.20"]
[EventType "tourn"]
[EventRounds "5"]
[EventCountry "CAN"]

1. e4 c5 2. Nf3 d6 3. b4 cxb4 4. d4 Nf6 5. Bd3 g6 6. O-O Bg7 7. a3 bxa3 8. Nxa3
O-O 9. h3 Nc6 10. Be3 Nb4 11. c3 Nxd3 12. Qxd3 b6 13. Rfb1 Bb7 14. Nd2 Qc8 15.
Bg5 Qc6 16. d5 Qc8 17. Nc2 e6 18. dxe6 Qxe6 19. Nd4 Qe5 20. f4 Qc5 21. Rb5 Qc7
22. e5 Nd5 23. Ne4 dxe5 24. Nf5 gxf5 25. Rxd5 fxe4 26. Qg3 f6 27. Bxf6 Rxf6 28.
Rxe5 Rg6 0-1

[Event "Mercredi 2019.02.20 ABCD"]
[Site "Montreal CAN"]
[Date "2019.02.20"]
[Round "1"]
[White "Bernardi, Felipe"]
[Black "Nica, Ion"]
[Result "0-1"]
[WhiteElo "1637"]
[BlackElo "1660"]
[PlyCount "40"]
[EventDate "2019.02.20"]
[EventType "tourn"]
[EventRounds "5"]
[EventCountry "CAN"]

1. d4 e6 2. Nf3 f5 3. c4 Nf6 4. g3 Be7 5. Bg2 O-O 6. O-O d6 7. Nc3 a5 8. Re1
Ne4 9. Qc2 Nxc3 10. bxc3 Bf6 11. a4 e5 12. dxe5 dxe5 13. Rd1 Qe8 14. Bg5 Bxg5
15. Nxg5 h6 16. Nf7 Kh7 17. Bxb7 Bxb7 18. Qxf5+ g6 19. Qb1 Qc6 20. Qxg6+ Qxg6
0-1

[Event "Mercredi 2019.02.20 ABCD"]
[Site "Montreal CAN"]
[Date "2019.02.20"]
[Round "1"]
[White "Gates, Claude-Eric"]
[Black "O'Neill, Brendon"]
[Result "1-0"]
[WhiteElo "1819"]
[BlackElo "1700"]
[PlyCount "81"]
[EventDate "2019.02.20"]
[EventType "tourn"]
[EventRounds "5"]
[EventCountry "CAN"]

1. b3 e5 2. Bb2 Nc6 3. e3 d5 4. Bb5 Bd6 5. Nf3 Qe7 6. d4 e4 7. Ne5 Bxe5 8. dxe5
Be6 9. O-O Qg5 10. Kh1 Nge7 11. Nd2 O-O-O 12. Bd4 Nxe5 13. c4 Ng4 14. Qe1 Qh4
15. h3 Nf5 16. Bxa7 d4 17. exd4 e3 18. fxe3 Ng3+ 19. Kg1 Nxe3 20. Qxe3 Nxf1 21.
Rxf1 Rde8 22. Bxe8 Rxe8 23. Bc5 Bd7 24. Qf2 Qg5 25. Nf3 Qh6 26. d5 f6 27. Re1
Rd8 28. Nd4 Qg6 29. Ne6 Re8 30. Nf8 Rxf8 31. Bxf8 Bxh3 32. Qe2 Bd7 33. Bb4 b6
34. a4 h5 35. Qe4 f5 36. Qf4 Qf6 37. a5 g5 38. Qe5 Qg6 39. axb6 Qxb6+ 40. c5
Qxb4 41. c6 1-0

[Event "Mercredi 2019.02.20 ABCD"]
[Site "Montreal CAN"]
[Date "2019.02.20"]
[Round "1"]
[White "Have, Didier"]
[Black "Guipi Bopala, Prince Eric jr"]
[Result "0-1"]
[WhiteElo "2077"]
[BlackElo "1826"]
[PlyCount "82"]
[EventDate "2019.02.20"]
[EventType "tourn"]
[EventRounds "5"]
[EventCountry "CAN"]

1. d4 d5 2. Bf4 e6 3. e3 c6 4. c3 f5 5. Nf3 Nf6 6. Nbd2 Be7 7. Ne5 O-O 8. Bd3
Nbd7 9. h3 Nxe5 10. Bxe5 Ne4 11. Qe2 Bd6 12. Nf3 Qe7 13. O-O-O Bd7 14. Bxd6
Qxd6 15. Ne5 a5 16. g4 b5 17. Rdg1 f4 18. exf4 Rxf4 19. f3 Ng5 20. Qc2 h6 21.
h4 Nxf3 22. Bh7+ Kh8 23. Ng6+ Kxh7 24. Nxf4+ Kg8 25. Nd3 Nxg1 26. Rxg1 Rf8 27.
Ne5 Be8 28. g5 h5 29. g6 Qe7 30. Qh2 Qf6 31. Qh3 Qf4+ 32. Kd1 Rf5 33. Re1 Rf6
34. Rg1 Qe4 35. Qg3 Qb1+ 36. Kd2 Qxb2+ 37. Ke3 Qxc3+ 38. Nd3 Bxg6 39. Rd1 Be4
40. Qd6 Bxd3 41. Qc5 Bc4+ 0-1

[Event "Mercredi 2019.02.20 ABCD"]
[Site "Montreal CAN"]
[Date "2019.02.20"]
[Round "1"]
[White "Jean, Robert"]
[Black "Alcantara, Maximo jr"]
[Result "1-0"]
[WhiteElo "1745"]
[BlackElo "1721"]
[PlyCount "147"]
[EventDate "2019.02.20"]
[EventType "tourn"]
[EventRounds "5"]
[EventCountry "CAN"]

1. d4 c6 2. e4 d5 3. e5 Bf5 4. g4 Bc8 5. h3 e6 6. Nf3 a6 7. c3 c5 8. Bd3 cxd4
9. cxd4 Nc6 10. O-O Qb6 11. Nc3 Bd7 12. Na4 Qa7 13. Be3 b5 14. Nc3 Bb4 15. Ne2
Nge7 16. Rc1 h5 17. Kg2 g6 18. Bg5 Ba5 19. Bf6 Rg8 20. a3 Bb6 21. Bb1 Bc7 22.
Qd2 O-O-O 23. Rfd1 Kb8 24. b4 Rde8 25. Ng5 hxg4 26. hxg4 Nd8 27. Rc3 Bb6 28.
Rdc1 Nec6 29. Nf3 a5 30. R3c2 axb4 31. axb4 Qa4 32. Rb2 Nb7 33. Nc3 Qa3 34.
Nxb5 Qa4 35. Nc3 Qa3 36. Ne2 Na7 37. Ra2 Qb3 38. Rb2 Qa3 39. Bd3 Bb5 40. Rc3
Qa1 41. Ra2 Qxc3 42. Qxc3 Rc8 43. Qd2 Bc4 44. Rc2 Nb5 45. Bxc4 dxc4 46. Qc1 c3
47. Nxc3 Nxd4 48. Nxd4 Bxd4 49. Ne4 Bb6 50. Ng5 Rxc2 51. Qxc2 Rc8 52. Qe4 Nd8
53. f3 Nc6 54. Nxf7 Nd4 55. Nd6 Rc7 56. Qxg6 Rc2+ 57. Qxc2 Nxc2 58. b5 Ne3+ 59.
Kg3 Bc7 60. f4 Bxd6 61. exd6 Kc8 62. Kf3 Nd5 63. Be5 Kd8 64. g5 Nb6 65. g6 Ke8
66. Kg4 Nd7 67. Kg5 Kf8 68. b6 Kg8 69. b7 Nf8 70. Kf6 Nd7+ 71. Kxe6 Nc5+ 72.
Kd5 Nd7 73. Kc6 Nf8 74. d7 1-0

[Event "Mercredi 2019.02.20 ABCD"]
[Site "Montreal CAN"]
[Date "2019.02.20"]
[Round "1"]
[White "Lopez Linares, Lizandro"]
[Black "Yu, Zong Yang"]
[Result "0-1"]
[WhiteElo "2250"]
[BlackElo "2439"]
[PlyCount "64"]
[EventDate "2019.02.20"]
[EventType "tourn"]
[EventRounds "5"]
[EventCountry "CAN"]

1. d4 Nf6 2. Nf3 e6 3. Bg5 d5 4. e3 Be7 5. Bd3 O-O 6. Nbd2 b6 7. Qe2 Bb7 8. O-O
Nbd7 9. Rfd1 Ne4 10. Bxe7 Qxe7 11. c4 Nxd2 12. Rxd2 dxc4 13. Bxc4 a6 14. Rad1
b5 15. Bb3 Rfd8 16. e4 c5 17. Qe3 c4 18. Bc2 Nf6 19. h4 Rac8 20. Bb1 b4 21. Qf4
c3 22. bxc3 bxc3 23. Re2 Qc7 24. Qxc7 Rxc7 25. Bc2 Ne8 26. Rb1 Nd6 27. Kf1 Nb5
28. Rb4 Na3 29. Rb3 Nxc2 30. Rxc2 Rdc8 31. d5 exd5 32. e5 Bc6 0-1

[Event "Mercredi 2019.02.20 ABCD"]
[Site "Montreal CAN"]
[Date "2019.02.20"]
[Round "1"]
[White "Millette, Sylvain"]
[Black "Audet, Eric"]
[Result "0-1"]
[WhiteElo "1682"]
[BlackElo "1669"]
[PlyCount "62"]
[EventDate "2019.02.20"]
[EventType "tourn"]
[EventRounds "5"]
[EventCountry "CAN"]

1. Nf3 c6 2. g3 d5 3. Bg2 Nf6 4. b3 Bg4 5. Bb2 Nbd7 6. Ne5 Bh5 7. h3 Qc7 8. f4
e6 9. d4 c5 10. Nd2 cxd4 11. Bxd4 Bc5 12. c3 Bxd4 13. cxd4 Qc3 14. g4 Qg3+ 15.
Kf1 Qxf4+ 16. Ndf3 Bg6 17. Qd2 Qxd2 18. Nxd2 Nxe5 19. dxe5 Nd7 20. Nf3 Rc8 21.
Kf2 Ke7 22. Rac1 Be4 23. Ke3 Bxf3 24. exf3 Nxe5 25. Rhe1 Kd6 26. Kd4 Nc6+ 27.
Ke3 Rc7 28. f4 Rhc8 29. Rcd1 Nb4 30. Re2 Rc3+ 31. Kf2 Nd3+ 0-1

[Event "Mercredi 2019.02.20 ABCD"]
[Site "Montreal CAN"]
[Date "2019.02.20"]
[Round "1"]
[White "Monot, Antonin"]
[Black "Gauthier, Luc"]
[Result "1/2-1/2"]
[WhiteElo "1647"]
[BlackElo "1631"]
[PlyCount "38"]
[EventDate "2019.02.20"]
[EventType "tourn"]
[EventRounds "5"]
[EventCountry "CAN"]

1. e4 Nf6 2. Nc3 d5 3. e5 d4 4. exf6 dxc3 5. fxe7 cxd2+ 6. Bxd2 Qxe7+ 7. Qe2
Nc6 8. Nf3 Bg4 9. Qxe7+ Bxe7 10. Be2 O-O-O 11. O-O-O Bf6 12. h3 Be6 13. Kb1 a6
14. a3 Rhe8 15. Be3 h6 16. Rhe1 Rxd1+ 17. Rxd1 Rd8 18. Rxd8+ Kxd8 19. Nd2 Bd4
1/2-1/2

[Event "Mercredi 2019.02.20 ABCD"]
[Site "Montreal CAN"]
[Date "2019.02.20"]
[Round "1"]
[White "Nardone, Raul"]
[Black "Ostaci, Liviu"]
[Result "1/2-1/2"]
[WhiteElo "1823"]
[BlackElo "1692"]
[PlyCount "92"]
[EventDate "2019.02.20"]
[EventType "tourn"]
[EventRounds "5"]
[EventCountry "CAN"]

1. e4 c5 2. Nf3 d6 3. d4 cxd4 4. Nxd4 Nf6 5. Nc3 a6 6. Bc4 e6 7. Bb3 Be7 8. O-O
O-O 9. a4 Nc6 10. Nf3 Qa5 11. Bd2 Qc7 12. Qe2 Bd7 13. Rfe1 Rac8 14. Rad1 Rfe8
15. Bc1 Bf8 16. Bg5 h6 17. Bxf6 gxf6 18. Qd2 Na5 19. Qf4 Nxb3 20. cxb3 Kh8 21.
Qxf6+ Kg8 22. Qf4 e5 23. Qg3+ Kh7 24. Nd5 Qd8 25. a5 Re6 26. Nb6 Rc7 27. Nxd7
Rxd7 28. Rd5 Qc8 29. Qh3 Be7 30. Qf5+ Kg7 31. Red1 Rc7 32. Nd2 Rc2 33. Qg4+ Kh7
34. Nc4 Qf8 35. Ne3 Rc6 36. Nf5 Rg6 37. Qf3 Bd8 38. R5d3 Bxa5 39. Ne3 Bb6 40.
Nc4 Bd4 41. Ne3 Bxb2 42. Nf5 Ba3 43. Nh4 Rg5 44. Nf5 Rg6 45. Nh4 Rg5 46. Nf5
Rg6 1/2-1/2

[Event "Mercredi 2019.02.20 ABCD"]
[Site "Montreal CAN"]
[Date "2019.02.20"]
[Round "1"]
[White "Nesterov, Timour"]
[Black "Baran, Marius"]
[Result "1-0"]
[WhiteElo "1932"]
[BlackElo "1865"]
[PlyCount "105"]
[EventDate "2019.02.20"]
[EventType "tourn"]
[EventRounds "5"]
[EventCountry "CAN"]

1. d4 d5 2. Bf4 Nf6 3. e3 c5 4. Nf3 Nc6 5. c3 Qb6 6. b3 Bf5 7. Nbd2 e6 8. Be2
Be7 9. Nh4 Be4 10. O-O h6 11. Bg3 O-O 12. Nhf3 cxd4 13. Nxe4 dxe4 14. Nxd4 Rfd8
15. Qc2 Rac8 16. Nxc6 Qxc6 17. c4 Nd7 18. Rfd1 f5 19. Rd4 Bc5 20. Rd2 Bb4 21.
Rdd1 Nf6 22. Qb2 Bd6 23. Rxd6 Rxd6 24. Bxd6 Qxd6 25. Rd1 Qc7 26. Qd4 b6 27. h3
Kf7 28. g4 Ke7 29. h4 Rd8 30. Qc3 Rxd1+ 31. Bxd1 g5 32. hxg5 hxg5 33. gxf5 exf5
34. b4 f4 35. c5 bxc5 36. bxc5 fxe3 37. Qxe3 Qa5 38. Bb3 g4 39. Qd4 Nd7 40.
Qxe4+ Kd8 41. c6 Nc5 42. Qxg4 Qe1+ 43. Kg2 Kc7 44. Qf5 Qe7 45. Bd5 Qg7+ 46. Kh2
Kb6 47. Bf3 Qh8+ 48. Qh3 Qf6 49. Qg3 Na6 50. Kg2 Nc7 51. a4 a5 52. Be4 Qe6 53.
Qe3+ 1-0

[Event "Mercredi 2019.02.20 ABCD"]
[Site "Montreal CAN"]
[Date "2019.02.20"]
[Round "1"]
[White "Nunez, Omar"]
[Black "Kapush, Oleksandr"]
[Result "0-1"]
[WhiteElo "1965"]
[BlackElo "1857"]
[PlyCount "54"]
[EventDate "2019.02.20"]
[EventType "tourn"]
[EventRounds "5"]
[EventCountry "CAN"]

1. d4 Nf6 2. Bf4 g6 3. e3 Bg7 4. Nf3 c5 5. c3 O-O 6. Be2 d6 7. O-O cxd4 8. exd4
Be6 9. h3 Qb6 10. Nbd2 Qxb2 11. c4 Bf5 12. Nb3 Qa3 13. Qd2 Nc6 14. Bh6 e5 15.
Bxg7 Kxg7 16. g4 Be4 17. Rfe1 Qb4 18. g5 Nd7 19. dxe5 Bxf3 20. Bxf3 Ndxe5 21.
Qb2 Kg8 22. Be2 Nxc4 23. Qf6 Rae8 24. Nd4 N4e5 25. Nxc6 bxc6 26. Rab1 Qh4 27.
Rb3 Re6 0-1

[Event "Mercredi 2019.02.20 ABCD"]
[Site "Montreal CAN"]
[Date "2019.02.20"]
[Round "1"]
[White "Pomerantz, Daniel"]
[Black "Zheng, Richard"]
[Result "1-0"]
[WhiteElo "2165"]
[BlackElo "2120"]
[PlyCount "91"]
[EventDate "2019.02.20"]
[EventType "tourn"]
[EventRounds "5"]
[EventCountry "CAN"]

1. e4 c6 2. d4 d5 3. e5 c5 4. c3 Nc6 5. Nf3 Bg4 6. Be2 e6 7. Be3 Nge7 8. O-O
Nf5 9. Qd2 Qb6 10. dxc5 Bxc5 11. Bxc5 Qxc5 12. Qf4 Bxf3 13. Bxf3 O-O-O 14. Nd2
Rdg8 15. Nb3 Qb5 16. Nd4 Ncxd4 17. cxd4 g5 18. Qd2 Qa4 19. b4 Kb8 20. Rac1 h6
21. Bh5 Qd7 22. Rc5 b6 23. Rc3 Rc8 24. Rfc1 Rxc3 25. Rxc3 Rc8 26. Bg4 Rxc3 27.
Qxc3 Qc7 28. Qxc7+ Kxc7 29. Bxf5 exf5 30. b5 Kd7 31. f4 gxf4 32. Kf2 Ke6 33.
Kf3 f6 34. exf6 Kxf6 35. Kxf4 Ke6 36. h3 Kf6 37. g4 fxg4 38. hxg4 Kg6 39. Ke5
Kg5 40. Kxd5 Kxg4 41. Ke5 h5 42. d5 h4 43. d6 h3 44. d7 h2 45. d8=Q h1=Q 46.
Qg8+ 1-0

[Event "Mercredi 2019.02.20 ABCD"]
[Site "Montreal CAN"]
[Date "2019.02.27"]
[Round "2"]
[White "Feoktistov, Dmitri"]
[Black "Lopez Linares, Lizandro"]
[Result "0-1"]
[WhiteElo "2129"]
[BlackElo "2250"]
[PlyCount "112"]
[EventDate "2019.02.20"]
[EventType "tourn"]
[EventRounds "5"]
[EventCountry "CAN"]

1. d4 d5 2. c4 c6 3. Nf3 Nf6 4. Nc3 dxc4 5. a4 Bf5 6. Ne5 Nbd7 7. Nxc4 Nb6 8.
Ne5 a5 9. f3 Nfd7 10. Nxd7 Nxd7 11. e4 Bg6 12. Bc4 Qb6 13. Qb3 Qa7 14. Be3 e5
15. Rd1 Rd8 16. Bg5 f6 17. Be3 exd4 18. Bxd4 Bc5 19. Bxc5 Qxc5 20. Be6 Nb6 21.
Rxd8+ Kxd8 22. Ke2 Re8 23. Rd1+ Kc7 24. Bf7 Re7 25. Bxg6 hxg6 26. Qg8 Qc4+ 27.
Qxc4 Nxc4 28. b3 Ne5 29. Ke3 Kb6 30. g4 Kc5 31. Na2 g5 32. h3 Ng6 33. Rd2 Nf4
34. h4 Nd5+ 35. Kf2 Nb4 36. hxg5 fxg5 37. Nc1 b5 38. Rd8 bxa4 39. bxa4 Kc4 40.
Ra8 Re5 41. Ra7 g6 42. Rg7 Re6 43. Ra7 Re5 44. Rg7 Kc3 45. Rxg6 c5 46. Rf6 c4
47. Ne2+ Kd2 48. Nd4 Nd3+ 49. Kg3 c3 50. Nb3+ Kc2 51. Nd4+ Kb2 52. Rb6+ Nb4 53.
Nc6 c2 54. Nxe5 Ka3 55. Nc4+ Ka2 56. Nxa5 c1=Q 0-1

[Event "Mercredi 2019.02.20 ABCD"]
[Site "Montreal CAN"]
[Date "2019.02.27"]
[Round "2"]
[White "Gauthier, Luc"]
[Black "Audet, Eric"]
[Result "1/2-1/2"]
[WhiteElo "1631"]
[BlackElo "1669"]
[PlyCount "43"]
[EventDate "2019.02.20"]
[EventType "tourn"]
[EventRounds "5"]
[EventCountry "CAN"]

1. e4 c6 2. d4 d5 3. f3 Qb6 4. Nc3 dxe4 5. fxe4 Nf6 6. Nf3 Bg4 7. Be2 e6 8. a3
Nbd7 9. Be3 Qa5 10. O-O Be7 11. Nd2 Bxe2 12. Qxe2 Qh5 13. Qxh5 Nxh5 14. e5 g6
15. g4 Ng7 16. Bh6 O-O 17. Nce4 f6 18. exf6 Bxf6 19. c3 Be7 20. h3 Rxf1+ 21.
Rxf1 Rf8 22. Rxf8+ 1/2-1/2

[Event "Mercredi 2019.02.20 ABCD"]
[Site "Montreal CAN"]
[Date "2019.02.27"]
[Round "2"]
[White "Guipi Bopala, Prince Eric jr"]
[Black "Baran, Marius"]
[Result "1/2-1/2"]
[WhiteElo "1826"]
[BlackElo "1865"]
[PlyCount "60"]
[EventDate "2019.02.20"]
[EventType "tourn"]
[EventRounds "5"]
[EventCountry "CAN"]

1. e4 d5 2. exd5 Nf6 3. Nc3 Nxd5 4. Nxd5 Qxd5 5. Nf3 Bg4 6. Be2 Nc6 7. d4 O-O-O
8. c3 e5 9. dxe5 Qe4 10. Qb3 Bxf3 11. gxf3 Qxe5 12. Be3 Be7 13. Rd1 Rxd1+ 14.
Kxd1 f5 15. Bb5 Rd8+ 16. Kc1 Qd6 17. Rd1 Qxd1+ 18. Qxd1 Rxd1+ 19. Kxd1 Ne5 20.
Ke2 a6 21. Ba4 b5 22. Bb3 Kd7 23. Bd4 Bf6 24. h3 Kd6 25. Ke3 c5 26. Bxe5+ Bxe5
27. f4 Bf6 28. Bg8 h6 29. Bh7 Ke6 30. Bg8+ Kd6 1/2-1/2

[Event "Mercredi 2019.02.20 ABCD"]
[Site "Montreal CAN"]
[Date "2019.03.08"]
[Round "2"]
[White "Have, Didier"]
[Black "Nunez, Omar"]
[Result "1-0"]
[WhiteElo "2077"]
[BlackElo "1965"]
[PlyCount "78"]
[EventDate "2019.02.20"]
[EventType "tourn"]
[EventRounds "5"]
[EventCountry "CAN"]

1. d4 c5 2. d5 e5 3. Nc3 d6 4. e4 Be7 5. Be2 Nf6 6. Nf3 Bg4 7. Nd2 Bd7 8. a4
Na6 9. Nc4 O-O 10. O-O Ne8 11. f4 exf4 12. Bxf4 f6 13. Ra3 Rf7 14. Nb5 Bc8 15.
Bg4 f5 16. exf5 Bxf5 17. Rh3 Qd7 18. Bxf5 Rxf5 19. Ne3 Rf7 20. Qd3 g6 21. c3
Nac7 22. Qe2 Nf6 23. Nxc7 Qxc7 24. Bg5 Ne4 25. Bh6 Rxf1+ 26. Qxf1 Ng5 27. Rg3
Nf7 28. Ng4 Qd8 29. Qe2 Qd7 30. Re3 Ne5 31. Nxe5 dxe5 32. Rxe5 Bd6 33. Re6 Rd8
34. Qe4 b6 35. g3 c4 36. Bg5 Bc5+ 37. Kg2 Rf8 38. Bf4 Qxa4 39. Rxg6+ Kf7 1-0

[Event "Mercredi 2019.02.20 ABCD"]
[Site "Montreal CAN"]
[Date "2019.02.27"]
[Round "2"]
[White "Monot, Antonin"]
[Black "Bernardi, Felipe"]
[Result "1/2-1/2"]
[WhiteElo "1647"]
[BlackElo "1637"]
[PlyCount "74"]
[EventDate "2019.02.20"]
[EventType "tourn"]
[EventRounds "5"]
[EventCountry "CAN"]

1. e4 c5 2. Nf3 Nc6 3. d4 cxd4 4. Nxd4 e5 5. Nb3 Nf6 6. Nc3 Bb4 7. Bd3 d5 8.
Nd2 Bxc3 9. bxc3 O-O 10. h3 a6 11. O-O Be6 12. Qf3 b5 13. Nb3 d4 14. Bb2 dxc3
15. Bxc3 b4 16. Bb2 Bxb3 17. cxb3 Nd4 18. Bxd4 Qxd4 19. Rfd1 Qa7 20. Rac1 a5
21. Bc4 Rfd8 22. Rd3 Rd4 23. Bd5 Rd8 24. Rxd4 Qxd4 25. Rd1 Qb6 26. Qd3 Kf8 27.
Qc4 h6 28. Kf1 Nxd5 29. Rxd5 f6 30. Ke2 Rd6 31. Rxd6 Qxd6 32. Qc8+ Kf7 33. Qb7+
Kg6 34. Qb5 Qc7 35. Qd3 Qc1 36. Qd2 Qh1 37. Kf3 Qa1 1/2-1/2